[Event "Montecatini Terme"]
[Site "Montecatini Terme"]
[Date "2000.08.03"]
[Round "7"]
[White "Lputian, Smbat G"]
[Black "Shirov, Alexei"]
[Result "1/2-1/2"]
[WhiteElo "2598"]
[BlackElo "2746"]
[Annotator "Krasenkow,M"]
[PlyCount "87"]
[EventDate "2000.07.28"]
[EventType "tourn"]
[EventRounds "7"]
[EventCountry "ITA"]
[EventCategory "17"]
[SourceTitle "CBM 079"]
[Source "ChessBase"]
[SourceDate "2000.11.21"]
[SourceVersion "1"]
[SourceVersionDate "2000.11.21"]
[SourceQuality "1"]

1. d4 Nf6 2. c4 g6 3. Nc3 d5 4. cxd5 Nxd5 5. Na4 $6 {In my opinion, this
ostentatious violation of opening principles shows just lack of respect to the
opponent, like being late for the game, offering a draw in a lost position etc.
Of course, White can play in a various manner (even 1.h4), not necessarily
getting a bad position. Then, if he wins, he has all reasons to jeer at his
opponent (ha-ha-ha, he failed to refute 1.h4 or 5.Na4) but it has little to do
with real sportsmanship. Of course, this doesn't apply particularly to GM
Smbat Lputian and this game.} e5 {Black has many other ways to obtain a good
position but this central action is certainly positionally justified.} 6. dxe5
Nc6 {The most principled reply.} (6... Bb4+ {is another possibility, leading
to equality:} 7. Bd2 Ne3 $5 (7... Qe7 $5 8. a3 Bxd2+ 9. Qxd2 Nb6 10. Nxb6 axb6
11. e3 O-O 12. Nf3 Nc6 13. Be2 Nxe5 $11 {Kubala,M-Groszpeter,A/KB Czech Open
2000/0-1 (60)}) 8. fxe3 Bxd2+ 9. Qxd2 (9. Kf2 Nc6 10. Nf3 Bb4 11. a3 {1/2-1/2
Yegiazarian,A-Aronian,L/Ciocaltea mem 1998}) 9... Qh4+ 10. g3 Qxa4 11. Qd4 (11.
Bg2 O-O 12. Nf3 Nc6 (12... Qd7 13. Qc3 Qe7 14. O-O Re8 15. Rac1 c6 16. Qd4 Be6
17. Nd2 Rd8 18. Qc3 Nd7 19. Ne4 Bd5 20. Nf6+ Nxf6 21. exf6 Qe6 22. e4 Bxe4 23.
Qe3 Bf5 24. Qg5 h6 25. Qxh6 Qxf6 26. Bh3 Qg7 27. Qxg7+ Kxg7 28. Bxf5 gxf5 29.
Rxf5 Rd2 30. Rcf1 Rf8 31. R1f4 {1/2-1/2 Senff,M-Narciso Dublan,M/FSGM October
1999}) 13. O-O Bg4 14. Qc3 Rae8 15. a3 Qa6 16. h3 Bxf3 17. exf3 Nxe5 18. e4
Qb6+ 19. Kh2 Nc6 20. Rac1 Rd8 21. f4 Rd7 22. Rfd1 Rfd8 23. Rd5 Nd4 {1/2-1/2
Khechumyan,G-Dolgener,T/Budapest FS04 IM-B 1999 (44)}) 11... Qa5+ 12. b4 Qa3 (
12... Qb6 $2 13. Bg2 $1 O-O 14. Rc1 Be6 15. a4 c6 (15... Na6 16. b5 Qa5+ 17.
Kf2 Nb4 18. Nf3 Rad8 19. Qh4 $1 $16 {-> Nadanian,A-Salimov/corr 1996}) 16. Nf3
Rd8 17. Qf4 Na6 18. Rb1 c5 19. b5 Nb4 $2 $138 (19... Kg7 20. O-O $16 {->}) 20.
Qh6 $18 {1-0 Nadanian,A-Akopian,V/Armenia 1996 (25)}) (12... Qa4 13. e6 O-O 14.
exf7+ Rxf7 15. Qd8+ Rf8 16. Qd5+ Rf7 17. Qd8+ Kg7 18. Qd4+ Kg8 {1/2-1/2 Dias,
P-Nijboer,F/zt 1.1 1998}) 13. e6 (13. Bg2 O-O 14. Kf2 Na6 15. Rb1 Bf5 16. Rb3
Qxa2 17. Qc3 c6 18. Rb2 Qa4 19. Nf3 Nc7 20. Nd4 Nb5 21. Qc4 Nxd4 22. exd4 Be6
$36 {Krumpacnik,D-Navinsek,T/Slovenian Teams 1998/1/2-1/2 (62)}) 13... O-O 14.
exf7+ Rxf7 15. Bg2 Be6 $1 16. Nh3 Bxh3 17. Qd8+ $1 Kg7 18. Qd4+ Kg8 19. Qd8+ {
1/2-1/2 Kharlov,A-Herrera,I/Ubeda/1997/}) 7. Nf3 ({After} 7. a3 Nxe5 (7... Bf5
{is also good, e.g.} 8. Nf3 Qd7 9. e3 O-O-O 10. Be2 Qe7 11. Qb3 Bg7 12. O-O
Nxe5 13. Nd4 Bg4 14. f3 Be6 $13 {Kantsler,A-Avrukh,B/Israel 1999}) 8. e4 Nb6 9.
Qxd8+ Kxd8 {the endgame is quite comfortable for Black, e.g.} 10. Nxb6 axb6 11.
Bd2 Be6 12. f4 Nd7 13. Bc3 f6 14. Nf3 Bd6 15. e5 fxe5 16. fxe5 Bc5 17. O-O-O c6
18. Kc2 Re8 19. Bd3 Kc7 20. Rde1 b5 21. Ng5 Bd5 {Khechumyan,G-Dolgener,T/
Budapest FS04 IM-B 2000/1/2-1/2 (42)}) (7. Bd2 {yields Black a formidable
attack:} Bf5 8. Rc1 Qd7 9. Nf3 O-O-O 10. a3 Qe8 11. e3 Nxe5 12. Nxe5 Qxe5 13.
Be2 Bd6 14. Qb3 Rhe8 15. Bc3 Nxc3 16. Nxc3 Be6 17. Qa4 a6 18. b4 Bd7 19. b5 Kb8
20. Qb3 a5 21. Bf3 f5 $40 {1/2-1/2 Rukavina,J-Mikhalchishin,A/Open 1999 (26)})
(7. e4 Bb4+ 8. Bd2 Bg4 $1 9. Be2 Bxe2 10. Kxe2 $5 {needs further investigation.
}) 7... Ndb4 $5 (7... Bb4+ 8. Bd2 Bg4 9. Bxb4 Ndxb4 $11 {Zaitsev,I}) 8. Bg5 (8.
Qxd8+ $5 Nxd8 9. Kd1 {deserves attention but after} Be6 $1 (9... Bf5 10. Nd4)
10. Nc3 Ndc6 {Black is certainly OK.}) 8... Qxd1+ 9. Kxd1 Be6 10. Nc3 Bg7 11.
a3 (11. Bf6 $6 Bxf6 12. exf6 O-O-O+ 13. Kc1 Rhe8 $17 {@}) 11... Nd5 12. e4
Nxc3+ 13. bxc3 Nxe5 {Black has recaptured the pawn. He has an excellent
development and a safer king. White must fight very hard for equality.} 14.
Nxe5 Bxe5 15. Kc2 h6 16. Be3 O-O-O 17. f4 Bg7 18. Be2 Rhe8 19. Rhe1 Bd7 20. Bf3
Ba4+ 21. Kb2 Bc6 22. e5 Bxf3 23. gxf3 Kd7 $17 24. h4 Ke6 (24... h5 $5 {[%cal
Yg7f8,Yf8e7]}) 25. h5 Kf5 26. Kc2 g5 $6 {Probably too hasty.} (26... Bf8 {
was better activating the bishop and maintaining different possibilities.
After the text move White obtains a passed h-pawn diverting Black's forces,
which gives White sufficient counterplay.}) 27. Rg1 $1 gxf4 28. Bxf4 Bxe5 (
28... Bf8 $6 29. Bh2 {[%cal Gg1g8]}) 29. Bxh6 Bf6 30. Rad1 Rxd1 (30... Rh8 31.
Rxd8 Bxd8 32. Rd1 Rxh6 33. Rxd8 $11) 31. Rxd1 Rh8 32. Be3 Rxh5 33. Rd7 Be5 34.
Rxf7+ Ke6 35. Rf8 Bd6 36. Ra8 a5 37. a4 b6 38. Re8+ Kd5 39. Re4 Rh3 40. Bf4
Rxf3 41. Rd4+ Kc5 42. Bxd6+ cxd6 43. Kb3 d5 44. Rh4 1/2-1/2

[Event "Biel MTO op 42nd"]
[Site "Biel"]
[Date "2009.07.27"]
[Round "7"]
[White "Gleizerov, Evgeny"]
[Black "Kritz, Leonid"]
[Result "0-1"]
[WhiteElo "2538"]
[BlackElo "2589"]
[Annotator "Kritz,L"]
[PlyCount "70"]
[EventDate "2009.07.20"]
[EventType "swiss"]
[EventRounds "11"]
[EventCountry "SUI"]
[SourceTitle "CBM 131 Extra"]
[Source "ChessBase"]
[SourceDate "2009.09.03"]
[SourceVersion "2"]
[SourceVersionDate "2009.09.16"]
[SourceQuality "1"]

1. d4 Nf6 2. c4 g6 3. Nc3 d5 {Gegen so einen soliden Spieler wie Gleizerov ist
Grünfeld die richtige Wahl, wenn man mehr als Remis anstrebt.} 4. cxd5 Nxd5 5.
Bd2 Bg7 ({Die Alternative ist} 5... Nb6 {aber Schwarz tut sich schwer nach} 6.
Bg5 Bg7 7. e3 O-O 8. Nf3 $14 {Das Problem für Schwarz ist, dass es sehr schwer
ist, den für Grünfeld typischen Vorstoß c5 durchzuführen.}) 6. e4 Nb6 {Das ist
mit großem Abstand der Hauptzug, aber auch die Alternative 6....Nxc3 ist gar
nicht schlecht.} (6... Nxc3 7. Bxc3 (7. bxc3 $2 {ist prinzipiell falsch, weil
der Zug Bd2 dann jeden Sinn verliert.}) 7... c5 8. d5 Bxc3+ 9. bxc3 O-O (9...
Qa5 10. Qd2 e6 11. c4 Qxd2+ 12. Kxd2 $14) 10. Nf3 Bg4 ({Einen kleinen Vorteil
erreichte Weiß nach} 10... e6 11. Bc4 b5 12. Bxb5 Qa5 13. Bc4 Qxc3+ 14. Nd2 Ba6
15. Rc1 Qe5 16. Qe2 Bxc4 17. Nxc4 Qg5 18. Ne3 exd5 19. exd5 Nd7 20. O-O $14 {
Karpov - Timofeev (Sochi, 2007)}) 11. Be2 Bxf3 12. Bxf3 Nd7 ({Zu unklarem
Spiel führt} 12... Qd6 13. O-O Nd7 14. g3 b5 15. Bg2 e5 16. dxe6 Qxe6 17. Qe2
c4 18. Rfd1 Ne5 19. Rd5 a6 20. a4 $1 $36 {Svetushkin - Timofeev (Moscow, 2007)}
) 13. O-O Qc7 14. c4 Rad8 15. Qb3 e5 16. Rfb1 Rb8 17. Qa3 b6 18. Rd1 Nf6 19.
Qc3 Rfd8 20. a4 Qe7 21. g3 Ne8 22. Bg2 Nd6 $11 {und Schwarz erzielte vollen
Ausgleich in Radjabov - Kamsky (Sochi, 2008)}) 7. Be3 O-O 8. h3 $6 {Das ist
zwar eine theoretische Abwicklung, aber so passiv sollte man doch nicht
spielen. Es gibt für Weiß gute Wege, um Vorteil zu kämpfen:} (8. Be2 Nc6 9. Nf3
Bg4 10. d5 Bxf3 11. gxf3 (11. Bxf3 Ne5 12. Be2 Nec4 13. Bc1 c6 14. dxc6 bxc6
15. Qc2 Qd4 $36 {und Schwarz hatte eine sehr gute Initiative in Sokolov -
Sutovsky (Hastings, 2000)}) 11... Ne5 12. Qb3 c6 13. f4 Ned7 14. dxc6 bxc6 $14
{Weiß steht etwas angenehmer, weil er das Läuferpaar besitzt und das Zentrum
kontrolliert. Jedoch verfügt auch Schwarz über einige Trümpfe - die offene
b-Linie und der Läufer g7 garantieren ihm gewisses Gegenspiel.}) (8. Bb5 $5 {
Der Zug mit der Idee das Feld c6 unter Kontrolle zu nehmen.} a6 (8... c6 $6 9.
Be2 $14 {Nun hat der Springer b8 das Feld c6 nicht mehr zur Verfügung.}) (8...
Nc6 $6 9. Bxc6 bxc6 10. Nge2 $1 (10. Nf3 Ba6 $132) 10... Nc4 11. Bc1 $14) 9.
Be2 f5 $1 (9... Nc6 {verliert hier deutlich an der Stärke, weil das Feld b6
geschwächt wurde.} 10. Nf3 Bg4 11. d5 Bxf3 12. gxf3 Ne5 13. Qb3 $16 {Schwarz
hat kein c6 mehr.}) 10. exf5 Bxf5 11. Qb3+ Kh8 12. Nf3 Nc6 13. d5 Ne5 14. Nxe5
Bxe5 15. g4 Bd7 16. h4 $36 {Fressinet - Negi (Cap d'Agde, 2006)}) 8... c5 $1
$146 {Eine sehr interessante Neuerung des amerikanischen Großmeisters Eugene
Perelshteyn.} ({Wenn man sofort ausgleichen will, dann kann man} 8... e5 {
spielen.} 9. Nf3 (9. dxe5 Bxe5 10. Nf3 Bxc3+ 11. bxc3 Qxd1+ 12. Kxd1 Re8 13.
Bd3 Be6 14. Kc2 Bc4 $11 {Nyzhnyk - Kovchan (Kharkov, 2009)}) 9... exd4 10. Bxd4
(10. Nxd4 N8d7 11. Qc2 Ne5 12. b3 Qe7 13. Rd1 c5 14. Ndb5 Nc6 $15 {und Schwarz
stand sogar besser in Ernst - Eljanov (Amsterdam, 2005)}) 10... Bxd4 11. Qxd4
Qe7 12. Qe3 f5 13. Be2 fxe4 14. Nxe4 Bf5 15. Nc5 Qxe3 16. fxe3 N8d7 17. Nxb7
Rae8 18. O-O Rxe3 $11 {Sokolov - Sutovsky (Gothenburg, 2005)}) ({Ambitionöser
ist} 8... f5 {doch dabei riskiert Schwarz auch mehr.} 9. exf5 Bxf5 10. Nf3 Nc6
11. Qb3+ Kh8 12. d5 Ne5 13. Nxe5 Bxe5 14. g4 Bd7 15. Bg2 $14 {Weiß hat doch
klaren Vorteil, wegen der besseren Bauernstruktur und dem schwachen schwarzen
König.}) 9. Nf3 $6 {Weiß versucht nicht mal, die Neuerung zu widerlegen.
Gleizerov wählt eine Fortsetzung, die sofort jede Spannung aus der Stellung
nimmt.} ({Zu kompliziertem Spiel führt} 9. dxc5 Bxc3+ 10. bxc3 N6d7 11. Qd4 (
11. Bh6 Re8 12. Qd4 e5 13. Qe3 Qa5 $132) 11... Nc6 12. Qa4 Qc7 13. Nf3 Nd8 $132
) ({Noch unklarer sind die Varianten, die nach} 9. d5 f5 $1 10. Qb3 fxe4 $132 {
entstehen.}) 9... cxd4 (9... Nc6 {ist nicht mehr so gut, weil Weiß nun einfach
d5 mit Vorteil spielen kann.} 10. d5 Ne5 11. Nxe5 Bxe5 12. Bxc5 Qc7 13. Bd4 $16
) 10. Bxd4 {Den Läufer g7 muss man natürlich abtauschen.} Bxd4 11. Qxd4 (11.
Nxd4 {fuehrt ebenfalls zum Ausgleich} e5 12. Ndb5 Nc6 13. Qxd8 Rxd8 $11) 11...
Qxd4 $1 {Obwohl ich auf Gewinn spielen wollte, ist der Übergang ins Endspiel
objektiv der stärkste Weg. Ansonsten wird Schwarz ein Problem mit seiner Dame
haben, während die weiße Dame sich auf e3 versteckt.} (11... Nc6 12. Qe3 Nb4
13. Rc1 Be6 14. b3 $14 {Weiß spielt demnächst Be2-0-0-Rfd1 und die Dame auf d8
wird sich nicht sehr wohl fühlen.}) 12. Nxd4 Bd7 ({Nach} 12... e5 13. Nb3 $1
$14 {hat der weiße Springer das Feld c5 zur Verfügung, von wo er unangenehmen
Druck ausüben kann.}) 13. O-O-O Rc8 $11 {Auf dem Brett ist absoluter Ausgleich.
Nach 12.Kb1 kann man eigentlich nichts mehr machen.} 14. Kd2 $2 {Wir sind zwar
schon im Endspiel, aber den König zu zentralisieren ist trotzdem keine gute
Idee. Dazu kostet es viel Zeit.} (14. Kb1 Nc6 15. Nb3 Nd8 16. Be2 Ne6 $11)
14... e5 {Die Zeit ist gekommen, den Springer aus dem Zentrum zu vertreiben.} (
14... Nc6 15. Nxc6 Rxc6 16. Ke3 Be6 17. Be2 $11) 15. Nf3 $6 {Der Springer auf
f3 wird abgeschnitten und nimmt nicht am Spiel teil.} (15. Nb3 a5 (15... Nc6
16. Nc5 Nd4 17. Nxb7 Rc7 18. Na5 Rd8 19. Bd3 $14) 16. Nc1 Nc6 17. Nd3 Nc4+ 18.
Kc1 Be6 19. Nc5 $11) (15. Ndb5 Be6 16. Nd6 Rc7 17. Ke3 Nc6 $132) 15... f6 16.
Ke3 Kf7 $1 {Das Feld d6 soll am einfachsten mit dem König gedeckt werden,
wonach Schwarz seine Entwicklung vollenden wird.} 17. Be2 (17. Nb5 Ke7 18. Nd6
Rc7 19. Be2 Na6 $1 $132) 17... Ke7 18. Rc1 $2 {Weiß spielt zu passiv.} ({
Am besten scheint mir} 18. g4 $1 Be6 (18... Nc6 19. g5 Na5 $2 20. Nd5+ Ke6 (
20... Nxd5+ 21. Rxd5 Nc4+ 22. Bxc4 Rxc4 23. gxf6+ $18) 21. Nxe5 $3 Kxe5 22.
Nxb6 axb6 23. Rxd7 $18) (18... g5 $2 19. h4 $18) 19. g5 Nc6 $11 {Dank dem
g4-g5 Vorstoß hat Weiß seinen Springer f3 aktiviert, weil er nun Druck auf den
Bauern e5 ausübt.}) 18... Be6 19. b3 $2 {Ein weiterer Fehler, der Weiß in
schwierige Lage bringt. Die Bauern a2-b3 sind sehr wohl anfällig.} Nc6 20. g4 {
Die Aktivierungsidee kommt zu spät und führt nun zu weiteren Schwächen.} (20.
Rhd1 Nb4 $36) 20... Nb4 21. a3 Nc6 22. b4 a5 23. b5 Nd8 {Der Springer hat auf
d8 sehr gute Aussichten. Er hat zwei Strecken zur Verfügung: f7-d6-c4 und die
Ersatzroute e6-d4, nachdem der Läufer von e6 wegzieht.} 24. g5 Rc5 ({Auch} 
24... Nf7 $5 25. gxf6+ Kxf6 $15 {bringt Schwarz großen Vorteil.}) 25. Nd5+ {
Wenn Weiß den Bauern nicht freiwillig opfert, wird er noch schwerere Einbußen
erleben.} (25. h4 Rac8 26. Kd2 Bg4 27. gxf6+ Kxf6 28. Rhg1 Bxf3 29. Bxf3 Nc4+
30. Kd3 Nxa3 $19) 25... Nxd5+ 26. exd5 Rxd5 27. gxf6+ (27. Rc7+ Rd7 28. Rhc1 b6
29. Rxd7+ Bxd7 30. gxf6+ Kxf6 31. Rc7 Bxh3 32. Rxh7 Bf5 $17) 27... Kxf6 28. h4
$6 {Die weiße Stellung ist sowieso schon schlecht, der Partiezug bringt die
Entscheidung näher.} (28. Nd2 $1 Bf5 $17) 28... Bf5 {Ursprünglich wollte
Gleizerov 29.Rc7 spielen, dies verliert jedoch sofort.} 29. Rc3 (29. Rc7 Ne6 $1
30. Rxb7 Rc8 $19) 29... Ne6 ({Einfacher gewann} 29... h6 $1 $19 {Demnächst
spielt Schwarz Ne6.}) 30. Ng5 $1 {Kleine taktische Tricks.} Rad8 $1 (30... Nxg5
$2 31. hxg5+ Kxg5 32. Rxh7 Rb8 33. Rcc7 $44) 31. Nxh7+ Ke7 32. Ng5 Nf4 $19 {
Der weiße König wird der Angriffsziel aller schwarzen Figuren.} 33. Rc7+ Ke8
34. Rc3 (34. Rxb7 Rd3+ 35. Bxd3 Rxd3#) (34. f3 Nxe2 35. Kxe2 Rd2+ 36. Kf1 (36.
Ke3 R8d3#) 36... Rd1+ 37. Kf2 R8d2+ 38. Ke3 Rd3+ 39. Ke2 Rxh1 $19) 34... Rd4
35. Bc4 (35. Kf3 Bg4+ 36. Kxg4 Nxe2+ $19) (35. Kf3 Bg4+ $1 36. Kxg4 Nxe2+ 37.
Kf3 Nxc3 $19) 35... Rxc4 0-1

[Event "USA College-ch"]
[Site "Brownsville"]
[Date "2010.04.10"]
[Round "1"]
[White "Zivanic, Marko"]
[Black "Kritz, Leonid"]
[Result "0-1"]
[WhiteElo "2485"]
[BlackElo "2616"]
[Annotator "Kritz,L"]
[PlyCount "68"]
[EventDate "2010.04.10"]
[EventType "team-tourn"]
[EventRounds "3"]
[EventCountry "USA"]
[SourceTitle "CBM 135 Extra"]
[Source "ChessBase"]
[SourceDate "2010.05.04"]
[SourceVersion "1"]
[SourceVersionDate "2010.05.04"]
[SourceQuality "1"]

1. d4 Nf6 2. c4 g6 3. Nc3 d5 4. cxd5 Nxd5 5. Nxd5 $2 {Den Springertausch kann
man nur als schlecht bezeichnen. In keiner Variante hat Weiß die Chance auf
einen Vorteil. Man muss selbstverständlich die Hauptvariante 5.e4 spielen.} (5.
e4 Nxc3 6. bxc3 Bg7 $132 {- die Ausgangsstellung zahlreicher Grünfeldvarianten.
}) 5... Qxd5 6. e3 {Die Idee von Weiß ist Ne2-Nc3. Das Ganze braucht jedoch zu
viel Zeit.} ({Noch weniger Sinn macht die Entwicklung des Springers nach f3:} 
6. Nf3 Bg7 7. e3 O-O 8. Be2 c5 $15 {Schwarz hat von Anfang an die bessere
Stellung.}) 6... Bg7 7. Ne2 O-O 8. Nc3 Qd8 {Die Idee von Schwarz ist c5.} (8...
Qa5 $6 {sieht gut aus, doch nach} 9. Bd2 $1 {kann Schwarz nicht} c5 {spielen:}
10. Ne4 Qb6 11. Nxc5 Qxb2 12. Bc4 $16) 9. Be2 c5 $1 (9... e5 10. d5 $1 (10.
dxe5 Qxd1+ 11. Bxd1 Bxe5 12. Bf3 c6 $11) 10... f5 11. O-O e4 12. Qb3 Kh8 13.
Rd1 $14 {Weiß hat die Initiative, es ist nicht klar, welchen Plan Schwarz
verfolgt.}) 10. d5 (10. dxc5 Qa5 ({Es ist nicht so gut, den Läufer zu geben,
weil die schwarzen Felder ja doch zu schwach sind:} 10... Bxc3+ $6 11. bxc3 Qa5
12. O-O Qxc3 (12... Nd7 13. Qd4 Nxc5 14. Qb4 $14) 13. Rb1 Qxc5 14. Qb3 $44 {
/\Ba3}) 11. O-O Qxc5 12. Bd2 Bf5 13. Rc1 Nc6 $36 {Schwarz hat eine gewisse
Initiative dank seinem eigentlich "katalanischen" Läufer g7.}) 10... e6 11. e4
(11. dxe6 $6 Qxd1+ 12. Bxd1 Bxe6 13. Bf3 Nc6 $15 {Die schwarze Stellung ist
eindeutig besser.}) (11. d6 $5 {Könnte Weiß den Bauern halten, so hätte er
Vorteil. Doch Schwarz hat mehrere Wege, den Bauern zu neutralisieren.} Qb6 $1 {
Sieht am besten aus.} (11... Qd7 12. Ne4 Rd8 13. O-O f5 14. Nxc5 Qxd6 15. Qxd6
Rxd6 $11) 12. Na4 (12. O-O Rd8 13. Na4 Qxd6 14. Qxd6 Rxd6 15. Nxc5 Nc6 $15)
12... Qc6 13. Bf3 Qa6 14. Be2 c4 $1 15. O-O Rd8 $15) 11... exd5 12. exd5 (12.
Nxd5 $2 {Der Springer auf d5 sieht gut aus, aber sein Kollege, der bald auf d4
erscheinen wird, ist noch besser.} Re8 13. Qd3 Nc6 14. O-O Nd4 $17) 12... b6 {
Schwarz versucht sofort Druck auf den Bauern d5 auszuüben.} 13. O-O Bb7 14. Qb3
(14. Bf3 {Das Problem mit diesem Zug ist es, dass der Läufer auf f3 immer den
Angriffen des schwarzen Springers ausgesetzt sein wird:} Nd7 15. d6 {Der
einzige Zug.} (15. g3 $6 Ne5 16. Bg2 c4 17. Be3 Nd3 $17) 15... Bxf3 16. Qxf3
Qf6 $15 {Weiß liegt mit seiner Entwicklung zurück und kann deswegen die Stärke
seines Bauern nicht ausnutzen. Schwarz plant Rfd8 und Ne5.}) (14. Bf4 Bxc3 15.
bxc3 Qxd5 $1 {Man muss die Damen tauschen, ansonsten kommt der schwarze König
in Gefahr.} 16. Qxd5 Bxd5 17. Rfd1 Bb7 18. Rd6 Nc6 $15 {Weiß hat Kompensation,
aber Schwarz hat trotzdem etwas bessere Chancen.}) 14... Nd7 15. Be3 {Die
Stellung ist ungefähr gleich, Schwarz muss jedoch etwas machen, weil ansonsten
Weiß mittels Rad1-Rfe1-a4 langsam den Druck erhöhen wird.} Bd4 $1 {Eine
konkrete Fortsetzung, die von Weiß eine konkrete Entscheidung verlangt.} 16.
Rae1 $6 {Aus strategischer Sicht ein sehr schlechter Zug. Man musste auf d4
nehmen.} (16. Bxd4 cxd4 17. Nb5 Nc5 18. Qc4 Bxd5 19. Qxd4 Qg5 20. Qg4 (20. f3
Ne6 21. Qg4 (21. Qf2 Nf4 22. Kh1 Rae8 $19) 21... Qe3+ 22. Rf2 Nf4 23. Bf1 Rac8
24. Nc3 Bc6 $17) 20... Qxg4 21. Bxg4 Bc4 22. Nc7 Rad8 $15 {Schwarz hat die
Initiative, die zum Teil auf der schlechten Lage des Springers c7 basiert.})
16... Bxe3 17. fxe3 Qg5 18. e4 {Die weiße Stellung ist solide, aber so passiv
sollte man trotzdem nicht spielen.} Ne5 {Alle schwarzen Felder sind unter
Kontrolle der schwarzen Figuren.} 19. a4 Qe3+ 20. Kh1 Rab8 21. Qc2 Kg7 {
Es ist schwer, einen konkreten Plan für Schwarz zu finden, deswegen habe ich
versucht, zuerst Zeit zu gewinnen und zu sehen, was Weiß macht. Eine der
möglichen Ideen ist h5-Ng4. Eine andere ist f5, aber sehr schwer zu
verwirklichen.} 22. Ba6 $1 {Richtige Entscheidung, obwohl der schwarze Läufer
ebenfalls schlecht ist, doch auf lange Sicht könnte er über c8 rauslaufen.
Dagegen hat sein weißer Opponent keine Perspektiven.} Qg5 23. Bxb7 Rxb7 24. Nb5
Rd7 25. Qc3 Kg8 {Besser als f6, wonach die Lage des Königs geschwächt wäre.}
26. Na3 Re8 {Eigentlich hat Schwarz aus seinem temporären Vorteil nichts
rausgeholt und Weiß konnte mittels Nc4 praktisch remisieren. Doch gerade jetzt
hatte mein Gegner entschieden, aggressiv zu spielen.} 27. a5 $2 (27. Nc4 $1
Nxc4 28. Qxc4 Qe5 29. b4 f5 30. bxc5 bxc5 31. Qb5 (31. Qxc5 fxe4 32. Rd1 e3 33.
Rfe1 e2 34. Rd2 Qf5 $17) 31... Rxd5 32. exd5 Qxe1 33. d6 $11) 27... bxa5 $1 {
Vermutlich hat mein Gegner das Nehmen nicht betrachtet.} 28. Qxa5 $2 (28. Nc4
a4 $1 $15 {Schwarz hat zumindest den Bauern gewonnen.}) (28. Qxc5 $2 Nd3 29.
Qb5 (29. Qe3 Qxe3 30. Rxe3 Nxb2 $1 $17) 29... Nxe1 $19 {Der Turm d7 ist tabu,
weil auf g2 Matt droht.}) 28... Nd3 $1 {Die weiße Festung, die noch vor zwei
Zügen als unantastbar schien, fällt in wenigen Zügen auseinander.} 29. Rd1 (29.
Re2 {Eine zähere Verteidigung.} Qg4 $1 30. Re3 Nf4 31. Qd2 Rxd5 $3 32. Qf2 (32.
exd5 Rxe3 33. Qxe3 Qxg2#) 32... Rd1 $1 33. h3 Rxf1+ 34. Qxf1 Qg5 $19 {Die
schwarze Stellung ist gewonnen, aber man muss den Vorteil noch lange
realisieren.}) 29... Rxd5 $3 {Das ist der Pointe! Niemand braucht den Bauern
b2 - stattdessen wird das weiße Zentrum gnadenlos vernichtet.} 30. Rd2 (30.
exd5 Re2 31. Qd8+ (31. g3 Qxd5+ 32. Kg1 Qg2#) (31. Rg1 Nf2#) 31... Qxd8 32.
Rxd3 Qg5 33. Rg1 Rd2 34. Rxd2 Qxd2 $19 {Und der d-Bauer stirbt.}) (30. Qxa7
Nf2+ 31. Kg1 Rxd1 $19) ({Eine der interessantesten Varianten ist} 30. Qb5 Nf2+
31. Kg1 Rxd1 32. Qxe8+ Kg7 33. Rxd1 (33. Kxf2 Qf4+ 34. Ke2 Qxf1+ 35. Ke3 Rd3#)
33... Nxd1 {es droht Qe3-Qf2x oder Ne3} 34. Nc4 Qc1 35. Qe5+ Kh6 36. Qxc5 Nxb2+
37. Kf2 Nd3+ $19) 30... Rxe4 {In 4 Zügen wurde die Partie entschieden.} 31.
Qxa7 {Es gibt nun sehr viele Gewinnwege für Schwarz.} Rf5 32. Rdd1 (32. Qa8+
Kg7 $19) 32... Rxf1+ 33. Rxf1 Qf4 {Gewinnt am einfachsten.} 34. Ra1 Nc1 {
Weiß kann das Matt nicht verhindern.} 0-1